• 首页
  • 本馆介绍
  • 公告通知
  • 最新文献
  • 馆藏检索
  • 电子资源
  • 读者导购
  • 参考咨询
  • 我的图书馆
  • 登录
  • 详细信息显示
  • 放入我的书架
  • 预约/预借图书
  • 作者相关作品
  • 分类相关作品
  • 丛书相关作品
  • 出版社相关作品

书目信息

  • 表格格式
  • 工作单格式
  • 卡片格式
题名:
新版课程标准解析与教学指导
    
 
作者: 王光明 , 范文贵 主编
分册:   小学数学
出版信息: 北京   北京师范大学出版社  2012.07
页数: 278页
开本: 26cm
丛书名: 义务教育课程标准(2011年版)解析与教学指导丛书
单 册:
中图分类: G623 , G623.503
科图分类:
主题词: 小学数学课--教学参考资料 , 小学数学课
电子资源:
ISBN: 978-7-303-14868-4
000 01087oam2 2200289 450
001 0108153904
005 20210308154401.0
010    @a978-7-303-14868-4@dCNY45.00
100    @a20121203d2012 em y0chiy50 ea
101 0  @achi
102    @aCN@b110000
105    @aa z 000yy
106    @ar
200 1  @a新版课程标准解析与教学指导@Axin ban ke cheng biao zhun jie xi yu jiao xue zhi dao@i小学数学@f王光明, 范文贵主编
210    @a北京@c北京师范大学出版社@d2012.07@h2020.08
215    @a278页@c图@d26cm
225 2  @a义务教育课程标准(2011年版)解析与教学指导丛书
330    @a本书内容包括:数学课程背景与基本理念、数学课程目标及其框架分析、数学课程内容中的核心概念、课程内容解析及变化分析、小学数学教学煌实施、小学数学的基本思想等。
461  0 @12001 @a义务教育课程标准(2011年版)解析与教学指导丛书
606 0  @a小学数学课@j教学参考资料
606 0  @a小学数学课
690    @aG623@v5
690    @aG623.503@v5
701  0 @a王光明@Awang guang ming@f(1969~)@4主编
701  0 @a范文贵@Afan wen gui@4主编
801  0 @aCN@bBJSZM@c20210308
905    @b1271496-500@dG623@e1314@f5
    
    新版课程标准解析与教学指导.小学数学/王光明, 范文贵主编.-北京:北京师范大学出版社,2012.07(2020.08)
    278页:图;26cm.-(义务教育课程标准(2011年版)解析与教学指导丛书)
    
    
    ISBN 978-7-303-14868-4:CNY45.00
    本书内容包括:数学课程背景与基本理念、数学课程目标及其框架分析、数学课程内容中的核心概念、课程内容解析及变化分析、小学数学教学煌实施、小学数学的基本思想等。
●
相关链接 在E读中查询图书 在五车中查询图书 在当当中查询图书 在豆瓣中查询图书


正题名:新版课程标准解析与教学指导     索取号:G623/1314         预约/预借

序号 登录号 条形码 馆藏地/架位号 状态 备注
1 1271496   212714963   第一样本阅览室/ [索取号:G623/1314] 在馆    
2 1271497   212714972   教育系资料室/ [索取号:G623/1314] 在馆    
3 1271498   212714981   教育系资料室/ [索取号:G623/1314] 在馆    
4 1271499   212714990   第四借阅区/ [索取号:G623/1314] 在馆    
5 1271500   212715007   第四借阅区/ [索取号:G623/1314] 在馆    
唐山师范学院图书馆 欢迎您!
大连网信软件有限公司© 版权所有